[Event "IsBank TCh-TUR"]
[Site "Konya TUR"]
[Date "2010.07.08"]
[Round "13"]
[White "Arslan,Erda"]
[Black "Yeke,S"]
[Result "0-1"]
[WhiteElo "2126"]
[BlackElo "2321"]
[EventDate "2010.06.29"]

1. d4 d5 2. c4 c6 3. Nf3 Nf6 4. Nc3 dxc4 5. e3 b5 6. a4 b4 7. Na2 e6 8.
Bxc4 Nbd7 9. O-O Bb7 10. Qe2 a5 11. Rd1 Qb6 12. b3 Be7 13. Bb2 O-O 14. Nc1
c5 15. Nd3 Ne4 16. Rac1 Rfd8 17. Ra1 Rf8 18. Rac1 Rfd8 19. dxc5 Ndxc5 20.
Nd4 Nxd3 21. Rxd3 Nd6 22. Nb5 Nxc4 23. Rxd8+ Rxd8 24. bxc4 f6 25. h4 e5 26.
c5 Qe6 27. Qc2 Rc8 28. f3 Bxc5 29. Qe2 Qb3 30. Kh2 Bxe3 31. Rxc8+ Bxc8 32.
Nd6 Be6 33. Nb5 Bc4 0-1

[Event "IsBank TCh-TUR"]
[Site "Konya TUR"]
[Date "2010.07.08"]
[Round "13"]
[White "Okay,I"]
[Black "Deruni,B"]
[Result "0-1"]
[WhiteElo "1865"]
[BlackElo "2107"]
[EventDate "2010.06.29"]

1. e4 c5 2. Nf3 d6 3. d4 cxd4 4. Nxd4 Nf6 5. Nc3 g6 6. Be3 Bg7 7. f3 Nc6 8.
Qd2 O-O 9. Bc4 Bd7 10. O-O-O Rc8 11. Bb3 Nxd4 12. Bxd4 b5 13. Nd5 Nxd5 14.
Bxg7 Kxg7 15. exd5 a5 16. a3 b4 17. axb4 axb4 18. Qxb4 Kg8 19. h4 Rb8 20.
Qd4 Qa5 21. h5 Rb4 22. Qc3 Rc8 23. Qe3 Qa1+ 24. Kd2 Qxb2 25. hxg6 fxg6 26.
Qh6 Qh8 27. Rh4 Rd4+ 28. Kc1 Rxd1+ 29. Kxd1 Bf5 30. Qe3 Qa1+ 31. Ke2 Qf6
32. Qh6 Qh8 33. Qd2 Qe5+ 34. Kf2 Qc3 35. Qh6 Qh8 36. Qe3 Qf6 37. Qh6 Qg7
38. Qxg7+ Kxg7 39. c4 Rb8 40. Ba4 Rb2+ 41. Kg3 Rd2 42. Rh1 Rd4 43. Bb5 g5
44. Kf2 Rd2+ 45. Kg3 Rc2 46. Rd1 Kf6 47. Ba6 h5 48. Kh2 h4 49. Kg1 Ke5 50.
Re1+ Kf4 51. c5 dxc5 52. Bf1 Rd2 53. Rxe7 Rxd5 54. Kf2 Rd2+ 55. Re2 Rxe2+
56. Bxe2 Be6 57. Bd1 c4 58. Bc2 c3 59. Ba4 Bf5 60. Bd1 c2 61. Kf1 Kg3 62.
Kg1 cxd1=B 63. Kh1 Be2 64. Kg1 Bfd3 65. Kh1 Bf1 66. Kg1 Bxg2 67. f4 h3 0-1

[Event "IsBank TCh-TUR"]
[Site "Konya TUR"]
[Date "2010.07.08"]
[Round "13"]
[White "Sahin,Handenur"]
[Black "Yolal,Sena Gokcen"]
[Result "1-0"]
[WhiteElo "1656"]
[BlackElo "1662"]
[EventDate "2010.06.29"]

1. d4 d5 2. Nf3 Nf6 3. Bf4 e6 4. e3 c5 5. c3 Nc6 6. Nbd2 Bd6 7. Bg3 O-O 8.
Be2 Qe7 9. Bh4 e5 10. dxe5 Bxe5 11. O-O Bc7 12. Nb3 c4 13. Nbd4 a6 14. Qc2
g6 15. Rfe1 Bd8 16. Rad1 Qe8 17. Nd2 Nxd4 18. exd4 Bf5 19. Qc1 Qa4 20. b3
Qxa2 21. bxc4 b5 22. c5 Ne4 23. Bxd8 Rfxd8 24. Nxe4 Bxe4 25. Rd2 Qa5 26.
Qb2 Re8 27. Ra1 Qd8 28. Qc1 Qg5 29. Bf1 Qf5 30. Rda2 Bd3 31. Ra3 Re6 32.
Bxd3 Qxd3 33. Qb1 Qd2 34. Qd1 Qg5 35. Qc1 Qf6 36. Qd1 Rae8 37. g3 h5 38.
Qd3 Re2 39. Rf1 h4 40. gxh4 Qxh4 41. Qg3 Qf6 42. Qd6 Qf3 43. Qg3 Qf6 44.
Qd6 Qg5+ 45. Qg3 Qd2 46. c6 Re1 47. Rxe1 Qxe1+ 48. Kg2 Qe4+ 49. Qf3 Qe6 50.
Rxa6 Qe4 51. Ra3 Qe6 52. Ra6 Rc8 53. Qh3 Rxc6 54. Qxe6 Rxe6 55. Rxe6 fxe6
56. Kf3 Kf7 57. Kf4 Ke8 58. h4 Ke7 59. Ke5 Kf7 60. Kd6 Kf6 61. Kc5 Kf5 62.
Kxb5 e5 63. dxe5 Kxe5 64. Kc5 Ke6 65. Kd4 Kd6 66. f3 Ke6 67. f4 Kd6 68. f5
gxf5 69. h5 Ke6 70. h6 Kf6 71. h7 Kg7 72. Ke5 Kxh7 73. Kxf5 Kg7 74. Ke5 Kf7
75. Kxd5 Ke7 76. Kc6 Kd8 77. c4 Kc8 78. c5 Kb8 79. Kd5 1-0

[Event "IsBank TCh-TUR"]
[Site "Konya TUR"]
[Date "2010.07.08"]
[Round "13"]
[White "Topel,Z"]
[Black "Gaponenko,I"]
[Result "1/2-1/2"]
[WhiteElo "2226"]
[BlackElo "2465"]
[EventDate "2010.06.29"]

1. d4 Nf6 2. c4 e6 3. Nf3 d5 4. Nc3 Bb4 5. Qa4+ Nc6 6. e3 Ne4 7. Qc2 O-O 8.
a3 Bxc3+ 9. bxc3 Ne7 10. Bd3 Nf6 11. O-O c5 12. Rd1 Qc7 13. Bb2 dxc4 14.
Bxc4 cxd4 15. cxd4 b5 16. Bd3 Qxc2 17. Bxc2 Bb7 18. Ne5 Be4 19. Bb3 Rfc8
20. Rac1 Bd5 21. Bc2 Rxc2 22. Rxc2 Bb3 23. Rc7 Nfd5 24. Rdc1 Nxc7 25. Rxc7
Kf8 26. Nd7+ Ke8 27. Nc5 Bd5 28. Na6 Kd8 29. f3 Rc8 30. Rxc8+ Nxc8 31. Bc3
Nd6 32. e4 Ba8 33. Bb4 Nc4 34. Kf2 Kc8 35. Ke2 Bb7 36. Nc5 a5 37. Bc3 Kc7
38. Kd3 Bc6 39. g3 Kb6 40. a4 g6 41. h4 h5 42. Be1 Nb2+ 43. Kc3 Nxa4+ 44.
Nxa4+ bxa4 45. Kc4 Bb5+ 46. Kc3 Be2 47. f4 Bf3 48. e5 Kb5 49. Bd2 a3 50.
Kb3 a2 51. Kxa2 a4 52. Ka3 Bd1 53. Bb4 Kc4 54. Bc5 Kd5 55. Bb6 Ke4 56. Bc5
Kf3 57. Be7 Kxg3 58. Bg5 Kf3 59. Kb4 Ke4 60. Ka3 Kxd4 61. Kb4 Bb3 62. Ka3
Kc5 63. Be7+ Kb5 64. Bg5 Bd5 65. Be7 Bc6 66. Bg5 Kc4 67. Bf6 Kd4 68. Kb4
Ke4 69. Bg5 Kf5 70. Ka3 Be8 71. Kb4 f6 72. exf6 e5 73. fxe5 Kxe5 74. f7
Bxf7 1/2-1/2

[Event "IsBank TCh-TUR"]
[Site "Konya TUR"]
[Date "2010.07.08"]
[Round "13"]
[White "Erdogan,H"]
[Black "Esen,N"]
[Result "1-0"]
[WhiteElo "2271"]
[BlackElo "1969"]
[EventDate "2010.06.29"]

1. d4 Nf6 2. c4 g6 3. Nc3 d5 4. Nf3 Bg7 5. Qb3 dxc4 6. Qxc4 O-O 7. e4 Na6
8. Be2 c5 9. d5 e6 10. O-O exd5 11. exd5 b6 12. Rd1 Nb4 13. Bg5 h6 14. Bh4
g5 15. Bg3 Nh5 16. Be5 Bxe5 17. Nxe5 Nf4 18. Bf3 Nc2 19. Nc6 Qf6 20. Rac1
Bf5 21. Be4 Nd4 22. Nxd4 cxd4 23. Qxd4 Qg6 24. Re1 Rac8 25. d6 Rfd8 26. d7
Rxd7 27. Qxd7 Bxd7 28. Bxg6 Nxg6 29. Ne4 Rxc1 30. Rxc1 Be6 31. b3 Nf4 32.
Rc7 a5 33. Rb7 Nd5 34. Nd2 Kg7 35. a3 Kf6 36. Nc4 Nc3 37. Rxb6 a4 38. bxa4
Nxa4 39. Rc6 Ke7 40. Nb6 Nb2 41. a4 Nd3 42. a5 Nb4 43. Rc5 Kd6 44. Rb5 Na6
45. Nd5 Kd7 46. Rb6 Nc5 47. Nb4 Na4 48. Rb7+ Kc8 49. a6 Nc5 50. Rb6 Nd7 51.
Rb5 Bc4 52. a7 1-0

[Event "IsBank TCh-TUR"]
[Site "Konya TUR"]
[Date "2010.07.08"]
[Round "13"]
[White "Catalkilic,O"]
[Black "Okay,A"]
[Result "1/2-1/2"]
[WhiteElo "1962"]
[BlackElo "1852"]
[EventDate "2010.06.29"]

1. e4 c6 2. d4 d5 3. Nc3 dxe4 4. Nxe4 Nd7 5. Nf3 Ngf6 6. Ng3 e6 7. Bd3 Qc7
8. O-O b6 9. Qe2 Bb7 10. Re1 O-O-O 11. Ba6 Bd6 12. Ne5 Rhf8 13. a4 Nd5 14.
a5 c5 15. axb6 axb6 16. c3 f6 17. Bxb7+ Qxb7 18. Nc4 Bc7 19. Qxe6 b5 20.
dxc5 bxc4 21. c6 Qb5 22. Ra8+ Bb8 23. Nf5 Qb6 24. Ne7+ Nxe7 25. cxd7+ Kb7
26. Qxb6+ Kxb6 27. Rxe7 Bxh2+ 28. Kxh2 Rxa8 29. Rxg7 Kc6 30. Bf4 Rad8 31.
Rxh7 Rh8 32. Rxh8 Rxh8+ 33. Kg3 Kxd7 34. Be3 Rb8 35. Kf4 Ke6 36. Ke4 Rd8
37. g4 Rd1 38. f4 Rd8 39. f5+ Kf7 40. Bd4 Ke7 41. Bc5+ Kf7 42. Bd4 Rd7 43.
Kf4 Rb7 44. Ke4 Ke7 45. Bc5+ Kf7 46. Bd4 Rd7 47. Kf4 Rb7 48. g5 fxg5+ 49.
Kxg5 Kf8 50. Kf4 Rxb2 51. Ke4 Rb8 52. Ke5 Rd8 53. Bf2 Rd7 54. Bd4 Rd8 55.
Ke4 1/2-1/2

[Event "IsBank TCh-TUR"]
[Site "Konya TUR"]
[Date "2010.07.08"]
[Round "13"]
[White "Bulmaga,I"]
[Black "Asan,E"]
[Result "1-0"]
[WhiteElo "2254"]
[BlackElo "1796"]
[EventDate "2010.06.29"]

1. e4 e5 2. Nf3 Nc6 3. Bc4 Bc5 4. O-O Nf6 5. d4 exd4 6. e5 d5 7. exf6 dxc4
8. fxg7 Rg8 9. Bg5 Qd5 10. Nc3 Qf5 11. Re1+ Be6 12. Ne4 Rxg7 13. Nh4 Qxg5
14. Nxg5 Rxg5 15. f4 d3+ 16. Kh1 Rd5 17. f5 O-O-O 18. fxe6 fxe6 19. cxd3
Rxd3 20. Qg4 Bf2 21. Rf1 Bb6 22. Qxe6+ Kb8 23. Nf3 Na5 24. Ne5 R3d6 25. Qe7
1-0

[Event "IsBank TCh-TUR"]
[Site "Konya TUR"]
[Date "2010.07.08"]
[Round "13"]
[White "Atakisi,U"]
[Black "Galkin,A"]
[Result "1/2-1/2"]
[WhiteElo "2384"]
[BlackElo "2597"]
[EventDate "2010.06.29"]

1. e4 c6 2. d4 d5 3. Nc3 dxe4 4. Nxe4 Nd7 5. Nf3 Ngf6 6. Nxf6+ Nxf6 7. c3
Bg4 8. h3 Bxf3 9. Qxf3 Qd5 10. Be2 Qxf3 11. Bxf3 e6 12. Bg5 Be7 13. Bxf6
Bxf6 14. O-O-O O-O-O 15. Kc2 Kc7 16. Rhe1 Rd6 17. Rd3 Rhd8 18. Red1 a5 19.
a4 R8d7 20. R1d2 h6 21. Rd1 Kb6 22. Be4 Rd8 23. Bf3 R6d7 24. Be4 Ka7 25.
Bf3 Kb8 26. Be4 Kc8 27. Bf3 Kc7 28. Be4 Bh4 29. g3 Be7 30. Bf3 Bf6 31. Be4
Rd6 32. Bf3 Kb6 33. Be4 Ka7 34. Bf3 Kb8 35. Be4 R8d7 36. Bf3 Bd8 37. Be4 g5
38. Bf3 Bb6 39. Be4 Kc7 40. Bf3 Kd8 41. Be4 Ke7 42. Bf3 Kf8 43. Be4 Kg7 44.
Bf3 Ba7 1/2-1/2

[Event "IsBank TCh-TUR"]
[Site "Konya TUR"]
[Date "2010.07.08"]
[Round "13"]
[White "Salepci,O"]
[Black "Tanrikulu,E"]
[Result "1/2-1/2"]
[WhiteElo "2130"]
[BlackElo "2259"]
[EventDate "2010.06.29"]

1. e4 e5 2. Nf3 Nc6 3. Nc3 Nf6 4. d4 exd4 5. Nxd4 Bb4 6. Nxc6 bxc6 7. Bd3
d5 8. exd5 cxd5 9. O-O O-O 10. Bg5 c6 11. Qf3 Be7 12. Rae1 Re8 13. h3 h6
14. Bh4 Bd7 15. Nd1 Be6 16. Ne3 Nd7 17. Bxe7 Qxe7 18. Qg3 Nc5 19. Ng4 Kh8
20. Ne5 Nxd3 21. Qxd3 Qc5 22. Kh1 d4 23. b3 Kg8 24. Nf3 Bf5 25. Qxd4 Qxc2
26. Rxe8+ Rxe8 27. Qxa7 c5 28. Qc7 Qxa2 29. Qxc5 Bd3 30. Re1 Rxe1+ 31. Nxe1
Qxb3 32. Nxd3 1/2-1/2

[Event "IsBank TCh-TUR"]
[Site "Konya TUR"]
[Date "2010.07.08"]
[Round "13"]
[White "Marasli,T"]
[Black "Ozen,A"]
[Result "1-0"]
[WhiteElo "2185"]
[BlackElo "1683"]
[EventDate "2010.06.29"]

1. d4 Nf6 2. Nc3 g6 3. e4 d6 4. Bg5 Bg7 5. e5 Nfd7 6. f4 Nf8 7. Bc4 Ne6 8.
Nf3 h6 9. Bxe6 Bxe6 10. Bh4 d5 11. h3 c6 12. g4 Na6 13. Qd2 Qc7 14. O-O-O
b5 15. Rhg1 Rg8 16. Ne2 b4 17. Kb1 c5 18. dxc5 Nxc5 19. Nfd4 Ne4 20. Qxb4
Rb8 21. Qa3 g5 22. fxg5 Bxe5 23. gxh6 Rg6 24. h7 Bc8 25. Bg3 Nxg3 26. Rxg3
Ra6 27. Qc3 Qd7 28. Re3 Rc6 29. Rxe5 Rxb2+ 30. Qxb2 1-0

[Event "IsBank TCh-TUR"]
[Site "Konya TUR"]
[Date "2010.07.08"]
[Round "13"]
[White "Guramishvili,S"]
[Black "Ozturk,Ku"]
[Result "1/2-1/2"]
[WhiteElo "2289"]
[BlackElo "2273"]
[EventDate "2010.06.29"]

1. Nf3 d5 2. e3 Nf6 3. b3 e6 4. Bb2 c5 5. c4 Be7 6. Be2 O-O 7. O-O a6 8.
cxd5 Nxd5 9. a3 Nc6 10. Qc2 f5 11. Nc3 Bd7 12. Nxd5 exd5 13. d4 cxd4 14.
Nxd4 Rc8 15. Qd2 Bf6 16. Bf3 Nxd4 17. Bxd4 Bc6 18. Rfd1 Kh8 19. h3 h6 20.
Qb2 Rc7 21. Bxf6 Rxf6 22. Rd4 Rd7 23. Rad1 Rfd6 24. Qc2 Qf6 25. b4 Rd8 26.
a4 Qe6 27. Be2 Qe8 28. Ra1 Bd7 29. Qb3 Rc8 30. Bf3 Rdc6 31. Bxd5 Rc3 32.
Qd1 Bc6 33. Bxc6 Qxc6 34. Rd7 Rc7 35. Rxc7 Qxc7 36. Qd5 f4 37. Rd1 fxe3 38.
fxe3 Rxe3 39. Qd8+ Qxd8 40. Rxd8+ Kh7 41. Rb8 Rb3 42. Rxb7 a5 43. b5 Rb4
44. Ra7 1/2-1/2

[Event "IsBank TCh-TUR"]
[Site "Konya TUR"]
[Date "2010.07.08"]
[Round "13"]
[White "Apaydin,F"]
[Black "Okus,M"]
[Result "1/2-1/2"]
[WhiteElo "2179"]
[BlackElo "1878"]
[EventDate "2010.06.29"]

1. d4 Nf6 2. Nc3 g6 3. e4 d6 4. f4 Bg7 5. Nf3 O-O 6. e5 dxe5 7. dxe5 Qxd1+
8. Kxd1 Ng4 9. Ke2 Nc6 10. h3 Nh6 11. g4 f6 12. exf6 exf6 13. Kf2 Be6 14.
Bd2 f5 15. g5 Nf7 16. Re1 Rfe8 17. Nb5 Rac8 18. Bc3 Bxc3 19. Nxc3 Nd6 20.
Bg2 Bc4 21. b3 Ba6 22. a3 Rxe1 23. Rxe1 Re8 24. Ne5 Nxe5 25. fxe5 Nf7 26.
Nd5 Rxe5 27. Rxe5 Nxe5 28. Nxc7 Nf7 29. h4 Nd6 30. c4 Kf8 31. Ke3 Bxc4 32.
bxc4 Nxc4+ 33. Kf4 Nxa3 34. Bxb7 Nc4 35. Ba6 Nd2 36. Ke3 Nb3 37. Bc4 Nc5
38. Kf4 Ne4 39. Ke5 a5 40. Bd5 Nc3 1/2-1/2

[Event "IsBank TCh-TUR"]
[Site "Konya TUR"]
[Date "2010.07.08"]
[Round "13"]
[White "Komut,K"]
[Black "Suer,U"]
[Result "0-1"]
[WhiteElo "1937"]
[BlackElo "1793"]
[EventDate "2010.06.29"]

1. e4 e6 2. d4 d5 3. Nd2 dxe4 4. Nxe4 Bd7 5. c3 Bc6 6. Ng3 Nf6 7. Nf3 Nbd7
8. Bd3 Bd6 9. O-O O-O 10. Qe2 Bxf3 11. Qxf3 c6 12. Ne4 Nxe4 13. Qxe4 Nf6
14. Qh4 g6 15. Bg5 Be7 16. Rad1 Re8 17. f4 h5 18. Qg3 Kg7 19. Rf3 Nd5 20.
Rdf1 Qc7 21. Qe1 Rad8 22. Qe4 a6 23. Kh1 Kg8 24. Rh3 Kg7 25. Rg3 Bxg5 26.
Rxg5 Qe7 27. Qf3 Rh8 28. Qg3 Kf8 29. Re5 Qc7 30. Qe1 Ne7 31. Qh4 Rg8 32.
Rfe1 Rd5 33. R5e2 Nf5 34. Bc4 0-1

[Event "IsBank TCh-TUR"]
[Site "Konya TUR"]
[Date "2010.07.08"]
[Round "13"]
[White "Soylemez,C"]
[Black "Morgul,E"]
[Result "1-0"]
[WhiteElo "1935"]
[BlackElo "1718"]
[EventDate "2010.06.29"]

1. d4 d5 2. c4 e6 3. Nc3 Nf6 4. cxd5 exd5 5. Bg5 Be7 6. e3 O-O 7. Bd3 h6 8.
Bh4 b6 9. Nge2 Bb7 10. O-O Ne4 11. Bxe7 Qxe7 12. Nf4 Nxc3 13. bxc3 Nd7 14.
Nh5 Nf6 15. Nf4 Rad8 16. Qc2 Ne4 17. Kh1 Qh4 18. g3 Qe7 19. f3 Nf6 20. Rae1
Ne8 21. e4 Qg5 22. e5 Bc8 23. Bh7+ Kh8 24. e6 Bxe6 25. Rxe6 Rd6 26. Rxd6
Nxd6 27. Bd3 Re8 28. Qa4 h5 29. Qc6 h4 30. Qxd5 Qxd5 31. Nxd5 hxg3 32. hxg3
c6 33. Nf4 Re3 34. Rd1 g5 35. Nh3 Rxf3 36. Kg2 g4 37. Ng5 Re3 38. Kf1 Re7
39. Re1 Rc7 40. Ne4 1-0

[Event "IsBank TCh-TUR"]
[Site "Konya TUR"]
[Date "2010.07.08"]
[Round "13"]
[White "Sasmazel,B"]
[Black "Bal,Sevgican"]
[Result "1-0"]
[WhiteElo "1876"]
[BlackElo "1609"]
[EventDate "2010.06.29"]

1. e4 c5 2. Nc3 Nc6 3. g3 g6 4. Bg2 Bg7 5. d3 e6 6. f4 Nge7 7. Nf3 O-O 8.
O-O d6 9. Be3 b6 10. Bf2 Bb7 11. g4 d5 12. e5 a6 13. Qe1 Qc7 14. a4 Nb4 15.
Qe2 Rac8 16. Na2 Nxa2 17. Rxa2 d4 18. b4 b5 19. Be1 Bc6 20. h3 cxb4 21.
Bxb4 Rfe8 22. axb5 Bxb5 23. Bd2 Nc6 24. Qf2 a5 25. f5 Nb4 26. Raa1 exf5 27.
gxf5 Bd7 28. fxg6 fxg6 29. Ng5 Bf5 30. Bxb4 axb4 31. Bd5+ Kh8 32. Nf7+ Kg8
33. Nd6+ Kh8 34. Qh4 Bf8 35. Nxc8 Rxc8 36. Ra6 Qe7 37. Qxe7 Bxe7 1-0

[Event "IsBank TCh-TUR"]
[Site "Konya TUR"]
[Date "2010.07.08"]
[Round "13"]
[White "Karakehajov,K"]
[Black "Sanikidze,T"]
[Result "1/2-1/2"]
[WhiteElo "2505"]
[BlackElo "2569"]
[EventDate "2010.06.29"]

1. d4 Nf6 2. Nf3 g6 3. c3 Bg7 4. Nbd2 O-O 5. e4 d6 6. Bd3 c5 7. dxc5 dxc5
8. Qe2 Nc6 9. O-O Qc7 10. Bc2 b6 11. Re1 Nh5 12. Nf1 a5 13. Qe3 a4 14. h3
e5 15. N1d2 h6 16. Nc4 Rd8 17. Bd3 b5 18. Na3 b4 19. Nc4 Ba6 20. Bf1 Na5
21. Nxa5 Bxf1 22. Rxf1 Rxa5 23. g3 Raa8 24. a3 b3 25. c4 Qd7 26. Kg2 Qe6
27. Bd2 Nf6 28. Rac1 Nd7 29. Rfd1 Nb6 30. Qxc5 Rac8 31. Qb5 Nxc4 32. Bc3
Rxd1 33. Rxd1 Nxa3 34. Qxa4 Nc2 35. Qd7 Qc4 36. Qd3 Qxd3 37. Rxd3 f5 38.
Rd6 fxe4 39. Nd2 e3 40. fxe3 Nxe3+ 41. Kf3 Nd1 42. Ne4 Rf8+ 43. Ke2 Nxc3+
44. Nxc3 e4 1/2-1/2

[Event "IsBank TCh-TUR"]
[Site "Konya TUR"]
[Date "2010.07.08"]
[Round "13"]
[White "Arutinian,D"]
[Black "Kozhuharov,S"]
[Result "1-0"]
[WhiteElo "2566"]
[BlackElo "2404"]
[EventDate "2010.06.29"]

1. c4 e5 2. Nc3 Nf6 3. Nf3 Nc6 4. g3 d5 5. cxd5 Nxd5 6. Bg2 Nb6 7. O-O Be7
8. d3 O-O 9. b3 Re8 10. Bb2 Bf8 11. Rc1 Nd4 12. Nd2 c6 13. e3 Ne6 14. Nc4
Nc5 15. d4 exd4 16. exd4 Ne6 17. d5 Nxc4 18. bxc4 cxd5 19. cxd5 Nc5 20. Qd4
Qb6 21. Na4 Nxa4 22. Qxa4 Bf5 23. Bd4 Qg6 24. Rfe1 Rxe1+ 25. Rxe1 f6 26. d6
Rd8 27. Qxa7 Rxd6 28. Bc5 Rd8 29. Bxf8 Kxf8 30. Qa3+ Kg8 31. Bd5+ 1-0

[Event "IsBank TCh-TUR"]
[Site "Konya TUR"]
[Date "2010.07.08"]
[Round "13"]
[White "Gurcan,S"]
[Black "Goksel,D"]
[Result "1-0"]
[WhiteElo "2237"]
[BlackElo "2253"]
[EventDate "2010.06.29"]

1. e4 c5 2. Nf3 e6 3. d4 cxd4 4. Nxd4 a6 5. c4 Nf6 6. Nc3 d6 7. Be2 Be7 8.
O-O O-O 9. Be3 b6 10. f3 Bb7 11. Qd2 Nbd7 12. a4 Rc8 13. a5 Re8 14. Nb3 Nc5
15. Ra3 Nfd7 16. axb6 Qxb6 17. Na5 Ba8 18. Rb1 Qc7 19. b4 Nb7 20. Nb3 Ne5
21. Rc1 d5 22. c5 Nc4 23. Bxc4 dxc4 24. Na5 Bxc5 25. bxc5 Nxa5 26. Qe2 Bc6
27. Rb1 Rb8 28. Rb6 Rxb6 29. cxb6 Qe7 30. f4 Qf6 31. e5 Qe7 32. Rxa5 Qb4
33. Rc5 Qxb6 34. Rxc4 Qb7 35. Rd4 h5 36. Rd2 Qb3 37. Qd3 a5 38. Ne2 Qb4 39.
Nd4 Bd5 40. Qb5 Qe7 41. Qxa5 Ra8 42. Qc3 Ra3 43. Qc8+ Kh7 44. Qc2+ g6 45.
Bf2 Qb4 46. Rd1 Ra2 47. Qc7 Kg7 48. f5 Qb2 49. f6+ Kg8 50. Rf1 Ra1 51. Nf3
Rxf1+ 52. Kxf1 Qb1+ 53. Be1 Qd3+ 54. Kf2 Bxf3 55. gxf3 Qd4+ 56. Kg2 Qb2+
57. Bf2 h4 58. Qd8+ Kh7 59. Qf8 h3+ 60. Kxh3 1-0

[Event "IsBank TCh-TUR"]
[Site "Konya TUR"]
[Date "2010.07.08"]
[Round "13"]
[White "Dogan,A"]
[Black "Korkmaz,N"]
[Result "0-1"]
[WhiteElo "2109"]
[BlackElo "2199"]
[EventDate "2010.06.29"]

1. d4 d5 2. c4 c6 3. Nf3 Nf6 4. e3 e6 5. b3 Nbd7 6. Bd3 Bb4+ 7. Nbd2 Ne4 8.
O-O Nxd2 9. Bxd2 Bd6 10. Bc3 Qe7 11. Ne5 Nxe5 12. dxe5 Bc7 13. a4 Bd7 14.
b4 a5 15. b5 O-O 16. Qb1 f5 17. Rd1 g5 18. Bd4 f4 19. b6 Bd8 20. cxd5 exd5
21. Qc2 Rf7 22. exf4 gxf4 23. Re1 Be6 24. Kh1 Qh4 25. Bc5 Kh8 26. f3 Qh5
27. Bf2 Be7 28. Re2 Rg8 29. Bc5 Bh4 30. Qd2 Bg3 31. Bg1 Rg5 32. Qxa5 Qh6
33. Qd2 Bxh2 34. Bxh2 Rh5 35. g4 fxg3 36. Qxh6 Rxh6 37. a5 d4 38. a6 bxa6
39. Rxa6 Bd5 40. Kg1 Bxf3 41. Ra8+ Kg7 42. e6 Bxe2 43. exf7 gxh2+ 44. Kf2
Rf6+ 45. Kg2 Bf3+ 46. Kxh2 c5 47. f8=Q+ Rxf8 48. Rxf8 Kxf8 49. Kg3 Bb7 50.
Kf4 Ke7 51. Bxh7 Kd6 52. Bd3 Kc6 53. Ke5 Kxb6 54. Kd6 Ba6 55. Bc2 d3 0-1

[Event "IsBank TCh-TUR"]
[Site "Konya TUR"]
[Date "2010.07.08"]
[Round "13"]
[White "Aydogdu,E"]
[Black "Sipahioglu,I"]
[Result "1/2-1/2"]
[WhiteElo "1999"]
[BlackElo "2057"]
[EventDate "2010.06.29"]

1. Nf3 Nf6 2. g3 g6 3. b4 Bg7 4. Bb2 c6 5. c4 d5 6. Qc2 dxc4 7. Qxc4 O-O 8.
Bg2 a5 9. a3 axb4 10. axb4 Rxa1 11. Bxa1 Be6 12. Qh4 h6 13. d3 Qb6 14. O-O
Na6 15. Qd4 Qxb4 16. Qxb4 Nxb4 17. Nd4 Bd7 18. Nd2 Ra8 19. N4b3 Ra2 20. Bf3
Be6 21. Bc3 Nfd5 22. Bxg7 Kxg7 23. Ne4 b6 24. Ra1 Rxa1+ 25. Nxa1 f5 26. Nd2
Nc3 27. Nab3 Bd5 28. Bxd5 cxd5 29. Kf1 Kf6 30. f4 Nc2 31. Nf3 g5 32. Ne5
Nd1 33. Nd7+ Kg6 34. Nxb6 Nde3+ 35. Kg1 gxf4 36. gxf4 Kh5 37. Nc8 e6 38.
Nc5 Nd4 39. Kf2 Ng4+ 40. Kg2 Ne3+ 1/2-1/2

[Event "IsBank TCh-TUR"]
[Site "Konya TUR"]
[Date "2010.07.08"]
[Round "13"]
[White "Komut,B"]
[Black "Serin,S"]
[Result "0-1"]
[WhiteElo "2012"]
[BlackElo "1719"]
[EventDate "2010.06.29"]

1. d4 d5 2. c4 c6 3. e3 Nf6 4. Nf3 e6 5. Bd3 dxc4 6. Bxc4 Bd6 7. O-O O-O 8.
b3 Nbd7 9. Bb2 Qe7 10. Nbd2 e5 11. dxe5 Nxe5 12. Qc2 Bg4 13. Be2 Rad8 14.
Rfd1 Nfd7 15. Qc3 Bxf3 16. Bxf3 Nxf3+ 17. Nxf3 Nf6 18. Qa5 Ne4 19. Rd4 f5
20. Rad1 b6 21. Qe1 Bc5 22. Rxd8 Rxd8 23. Rxd8+ Qxd8 24. Qe2 Qd5 25. g3 b5
26. Bd4 a6 27. Qb2 Bf8 28. Qe2 Ba3 29. Nd2 Nxd2 30. Qxd2 c5 31. Bc3 Qxd2
32. Bxd2 Bb2 33. Ba5 c4 0-1

[Event "IsBank TCh-TUR"]
[Site "Konya TUR"]
[Date "2010.07.08"]
[Round "13"]
[White "Olcum,A"]
[Black "Karabayir,M"]
[Result "1-0"]
[WhiteElo "1949"]
[BlackElo "1867"]
[EventDate "2010.06.29"]

1. b4 e5 2. Bb2 Bxb4 3. Bxe5 Nf6 4. Nf3 O-O 5. e3 Nc6 6. Bb2 d5 7. Be2 Bf5
8. O-O Nd7 9. d3 Re8 10. Nbd2 Qe7 11. c4 Nce5 12. Nxe5 Nxe5 13. Nf3 Nxf3+
14. Bxf3 dxc4 15. dxc4 c6 16. Qb3 Rad8 17. Rfd1 a6 18. h3 Ba5 19. Ba3 Qe5
20. Qxb7 Bc2 21. Bb2 Qf5 22. Rxd8 Rxd8 23. Qxc6 h6 24. Qxa6 Rd2 25. Qa8+
Kh7 26. Bd4 Bc7 27. Qd5 Qg6 28. Qh5 Qd6 29. g3 Rxf2 30. Qg4 Qxg3+ 31. Qxg3
Bxg3 32. Bg2 Re2 33. a4 Bf2+ 34. Kh1 Bxe3 35. Bxe3 Rxe3 36. a5 Re7 37. a6
Ra7 38. c5 Bf5 39. Bb7 Bxh3 40. c6 Kg6 41. c7 f6 42. Rd1 Bf5 43. Rd8 Rxb7
44. axb7 Be4+ 45. Kh2 Bxb7 46. Kg3 Kg5 47. c8=Q Bxc8 48. Rxc8 g6 49. Rc5+
f5 50. Rc6 h5 51. Kf3 h4 52. Rb6 Kh5 53. Kf4 g5+ 54. Kxf5 h3 55. Rb8 Kh4
56. Rb4+ Kg3 57. Rb3+ Kg2 58. Kg4 h2 59. Rb2+ Kg1 60. Kg3 h1=N+ 61. Kf3 g4+
62. Kxg4 Nf2+ 63. Kf3 Nd3 64. Rg2+ Kf1 65. Rd2 Ne5+ 66. Ke4 Ng4 67. Kf4 Ke1
68. Rg2 Nf6 69. Ke5 Kf1 70. Rg7 1-0

[Event "IsBank TCh-TUR"]
[Site "Konya TUR"]
[Date "2010.07.08"]
[Round "13"]
[White "Tandogan,Buket"]
[Black "Ulusoy,Nisan"]
[Result "1/2-1/2"]
[WhiteElo "1553"]
[BlackElo "1613"]
[EventDate "2010.06.29"]

1. e4 e6 2. d4 d5 3. e5 c5 4. c3 Qb6 5. Nf3 Nc6 6. a3 c4 7. g3 Bd7 8. h4
O-O-O 9. Bg2 Na5 10. Nbd2 Ne7 11. h5 Kb8 12. Nh2 g6 13. O-O Nf5 14. Re1 Be7
15. Nhf1 Ng7 16. hxg6 hxg6 17. Rb1 Qc7 18. Nf3 Nb3 19. Bg5 Ba4 20. Qe2 Rh5
21. Bxe7 Qxe7 22. Ne3 Rdh8 23. Ng4 Ne8 24. Nfh2 Na5 25. Nf1 Nc6 26. Nfe3
Qg5 27. f4 Qd8 28. Qf2 Ne7 29. Bf3 R5h7 30. Bg2 Nf5 31. Nxf5 gxf5 32. Ne3
Qe7 33. Nf1 Qf8 34. Re2 Rh6 35. Bf3 Qg7 36. Qg2 Qh7 37. Kf2 Ng7 38. Ke1 Nh5
39. Kd2 Rg6 40. Bxh5 Qxh5 41. Ne3 Rg7 42. Qf2 Rhg8 43. Rg1 Rg6 44. Nf1 Qh6
45. Qh2 Qf8 46. Qf2 1/2-1/2

[Event "IsBank TCh-TUR"]
[Site "Konya TUR"]
[Date "2010.07.08"]
[Round "13"]
[White "Can,E"]
[Black "Gajewski,G"]
[Result "1/2-1/2"]
[WhiteElo "2477"]
[BlackElo "2572"]
[EventDate "2010.06.29"]

1. e4 c5 2. Nf3 d6 3. d4 cxd4 4. Nxd4 Nf6 5. Nc3 a6 6. Bg5 e6 7. f4 Be7 8.
Qf3 Nbd7 9. O-O-O h6 10. Bh4 g5 11. fxg5 Ne5 12. gxf6 Nxf3 13. fxe7 Qb6 14.
Nxf3 Bd7 15. Be2 Rg8 16. Rhf1 Rc8 17. Rd3 Rxg2 18. Nd4 Rxh2 19. Bf6 Rg2 20.
Bh5 Rc5 21. e5 Rxe5 22. Bxe5 dxe5 23. Bxf7+ Kxe7 24. Nf5+ Kxf7 25. Ne3+ Ke8
26. Nxg2 Bc6 27. Ne3 Qb4 28. Rd2 h5 29. Rdf2 h4 30. a3 Qc5 31. Ng4 h3 32.
Ne4 Bxe4 33. Nf6+ Ke7 34. Nxe4 Qe3+ 35. Nd2 Qg3 36. Nf3 e4 37. Nh2 Qe3+ 38.
Kb1 b5 39. Rf7+ Kd6 40. Rd1+ Kc6 41. Rfd7 Qf4 42. R7d2 a5 43. Re2 Kc5 44.
Rf1 Qg3 45. Rfe1 e3 46. Nf1 Qg1 47. Rxe3 h2 48. Re5+ Kc6 49. Rxe6+ Kd7 50.
Re7+ Kd6 51. Nxh2 Qxh2 52. R1e6+ Kd5 53. Rg6 Qf4 54. Rd7+ Kc5 55. b3 b4 56.
a4 Qc1+ 1/2-1/2

[Event "IsBank TCh-TUR"]
[Site "Konya TUR"]
[Date "2010.07.08"]
[Round "13"]
[White "Heberla,B"]
[Black "Ari,Z"]
[Result "1-0"]
[WhiteElo "2532"]
[BlackElo "2184"]
[EventDate "2010.06.29"]

1. e4 e5 2. Bc4 Nf6 3. d3 Bc5 4. Nf3 Nc6 5. c3 d6 6. Bb3 Bb6 7. Nbd2 Be6 8.
h3 Bxb3 9. axb3 d5 10. Qe2 O-O 11. b4 a6 12. Nf1 Nh5 13. g3 Qd7 14. Nh4 g6
15. Ne3 Bxe3 16. Bxe3 Rad8 17. Bh6 Rfe8 18. Ng2 d4 19. Rd1 Re6 20. g4 Ng7
21. O-O Rd6 1-0

[Event "IsBank TCh-TUR"]
[Site "Konya TUR"]
[Date "2010.07.08"]
[Round "13"]
[White "Yaramis,H"]
[Black "Tuncer,U"]
[Result "1/2-1/2"]
[WhiteElo "2103"]
[BlackElo "2315"]
[EventDate "2010.06.29"]

1. e4 c5 2. Nf3 d6 3. d4 cxd4 4. Nxd4 Nf6 5. Nc3 a6 6. Bg5 Nbd7 7. f4 Qc7
8. Qf3 h6 9. Bh4 g5 10. fxg5 hxg5 11. Bg3 Ne5 12. Bxe5 dxe5 13. Nf5 g4 14.
Qd3 Bxf5 15. exf5 Rd8 16. Qc4 Qxc4 17. Bxc4 Rd4 18. Bd3 Bh6 19. Rd1 Bg5 20.
g3 O-O 21. O-O Rfd8 22. Rde1 Bd2 23. Rxe5 Bxc3 24. bxc3 R4d7 25. Rf4 Rc8
26. c4 Kf8 27. Kf2 Rc6 28. Ke3 Rb6 29. Rd4 Rc7 30. Kf4 Rb1 31. Rd8+ Kg7 32.
c5 Rh1 33. c6 Rxh2 34. cxb7 Rxb7 35. Rd4 Rb1 36. Rxe7 Rf2+ 37. Ke3 Rg2 38.
Kf4 Rf2+ 39. Ke3 Rg2 1/2-1/2